| 000 | 00317nam a22001217a 4500 | ||
|---|---|---|---|
| 999 |
_c528287 _d528287 |
||
| 003 | NUST | ||
| 038 | _amsohail | ||
| 082 |
_a625.8 _bAAS |
||
| 245 | _aGuidlines on Pavement Management | ||
| 260 |
_aWashington _bAmerican Association of State Highway and Transportation _c1914 |
||
| 300 |
_a09,p: _c23cm |
||
| 942 |
_2ddc _cBK |
||